| 000 | 00942nam a22002055i 4500 | ||
|---|---|---|---|
| 001 | 154229 | ||
| 003 | ES-MaACL | ||
| 005 | 20230906205557.0 | ||
| 008 | 960529s1864 sp |||| | spa d | ||
| 040 |
_aAS _bspa _cCCPB | SIC |
||
| 100 | 1 |
_aGarcía Gutiérrez, Antonio, _d1813-1884 _954743 |
|
| 245 | 1 | 0 |
_aVenganza catalana _b: drama en cuatro actos / _cpor Antonio García Gutiérrez. |
| 250 | _a6ª ed. | ||
| 260 |
_aMadrid : _b[s.n.], _c1864 ( _fImprenta de José Rodriguez) |
||
| 300 |
_a127, [2] p. ; _c19 cm. |
||
| 500 | _aRepresentado en el Teatro del Príncipe, la noche del 4 de febrero de 1864 á beneficio de Matilde Diez. | ||
| 596 | _aEn verso de port. consta: "... de la Administración lírico-dramática ..." | ||
| 852 |
_aES-MaACL _jD-2490(2) _z-- Enc. hol., conservando la enc. original _q-- Falto de port. y hasta la p. 14 _z-- Enc. en un vol. facticio _z.- Legado M. de la Fuente |
||
| 999 |
_c154229 _d154229 |
||